00297nam a2200121Ia 45000030006000000080041000060400015000471000012000622450050000742600022001245460012001460050017001580STCL150530s9999 xx 000 0 und d aSTCLcSTCL aSymonds aShakesperes predecessors in the english drama bJohn Murrayc1924 aEnglish20220125171005.0